Airlines of Europe - Statistiques

Statistiques générales
  • Ce quiz a été pris 202 fois
  • Le résultat moyen est 13 sur 16
Statistiques - réponses
Hint Réponse % Correct
SWISS Swiss
91%
UKRAINE Ukraine International Airlines
91%
FRANCE AIR FRANCE
89%
ITALIA ITA
89%
baltic Air baltic
88%
UK BRITISH AIRWAYS
88%
AUSTRIA Austrian Airlines
86%
NORVEGE Norwegien
86%
SPAIN IBERIA
84%
ICELAND Icelandair
83%
TCHEQUE CSA Czech Airlines
81%
FINLAND Finnair
80%
PORTUGAL TAP
73%
GREECE Aegean
68%
IRLAND Aer lingus
65%
POLOGNE LOT
60%
Aucun quiz correspondant
Distribution des résultats
% des personnes avec chaque résultat
Percentile par nombre de réponses
Votre historique - résultats
Vous n’avez pas pris ce quiz